| 000 | 00972nas a2200289 4500 | ||
|---|---|---|---|
| 001 | BR2011004010 | ||
| 003 | BR-BrBNA | ||
| 005 | 20231205115447.0 | ||
| 007 | ta | ||
| 008 | 230509b bl.|||p| |||| 00| 00por d | ||
| 040 |
_aBR-BrBNA _bpor _cBiblioteca Nacional de Agricultura |
||
| 041 | _a(Pt) | ||
| 072 | _aF04 | ||
| 100 | 1 | _aOliveira, F. de A. de | |
| 100 | 1 | _aOliveira Filho, A.F. de | |
| 100 | 1 | _aAlmeida Júnior, A.B. de | |
| 100 | 1 | _aLinhares, P.C.F. | |
| 245 | 1 | _aDesenvolvimento inicial da mamoneira sob diferentes fontes e doses de matéria orgânica | |
| 246 | 1 | _aInitial development of castor bean under different sources and doses of organic matter | |
| 650 | _aMAMONA | ||
| 650 | _aRICINUS COMMUNIS | ||
| 650 | _aADUBO ORGÂNICO | ||
| 650 | _aRESPOSTA DA PLANTA | ||
| 773 | 0 |
_tRevista Caatinga (Brazil) _xISSN 0100-316X _g(Jan-Mar 2009), v. 22(1) p. 206-211 _wBR2011004010 |
|
| 909 |
_a202311 _bLúcia _c55 _dLúcia Elande |
||
| 942 |
_2AGRIS _n0 _cANA |
||
| 999 |
_c213922 _d213922 |
||